MLB Longest Home Run per Team in the Statcast Era - Statistics

General Stats
  • This quiz has been taken 97 times
    89 since last reset
  • The average score is 6 of 30
Answer Stats
Team Distance Player % Correct
Yankees (2016) 496ft Aaron Judge
82%
Marlins (2016) 504ft Giancarlo Stanton
74%
Angels (2022) 490ft Mike Trout
68%
Braves (2020) 495ft Ronald Acuna Jr.
51%
Mets (2019) 489ft Pete Alonso
47%
Brewers (2022) 499ft Christian Yelich
38%
Rockies (2022) 504ft CJ Cron
38%
White Sox (2020) 487ft Luis Robert
30%
Twins (2019) 496ft Miguel Sano
26%
Astros (2018) 476ft George Springer
23%
Tigers (2015 and 2019) 467ft JD Martinez and Jeimer Candelario
22%
Pirates (2015) 479ft Pedro Alvarez
22%
Rangers (2019) 505ft Nomar Mazara
21%
Guardians (2021) 471ft Bradley Zimmer
18%
Blue Jays (2015) 474ft Justin Smoak
16%
Dodgers (2015) 477ft Joc Pederson
13%
Cubs (2017) 491ft Willson Contreras
13%
Rays (2019) 485ft Avasail Garcia
10%
Diamondbacks (2019) 482ft Ketel Marte
10%
Mariners (2023) 482ft Jared Kelenic
6%
Giants (2023) 482ft Brandon Crawford
4%
Red Sox (2019) 478ft Jackie Bradley Jr.
4%
Orioles (2017) 484ft Jonathan Schoop
4%
Padres (2018) 489ft Franchy Cordero
3%
Nationals (2015) 493ft Michael A. Taylor
3%
Royals (2017) 474ft Brandon Moss
1%
Reds (2019) 469ft Aristides Aquino
0%
Phillies (2016) 471ft Maikel Franco
0%
Cardinals (2019) 487ft Rangel Ravelo
0%
Athletics (2016) 480ft Ryon Healy
0%
No matching quizzes found
Score Distribution
Percent of People with Each Score
Percentile by Number Answered
Your Score History
You have not taken this quiz since the last reset